Free speech in its forgotten years /

Bibliographic Details
Main Author: Rabban, David M., 1949-
Format: Book
Language:English
Published: Cambridge ; New York : Cambridge University Press, 1997.
Series:Cambridge historical studies in American law and society.
Subjects:

MARC

Tag First Indicator Second Indicator Subfields
LEADER 00000cam a2200000 a 4500
001 in00001403760
005 20151020053147.0
008 970416s1997 enka b 001 0 eng
010 |a  97015281  
020 |a 0521620139 (hardback) 
035 |a (OCoLC)36800570 
035 |9 AHM7224AM 
040 |a DLC  |c DLC  |d TXA  |d UtOrBLW 
043 |a n-us--- 
049 |a TXAM 
050 0 0 |a KF4772  |b .R33 1997 
082 0 0 |a 342.73/0853  |2 21 
100 1 |a Rabban, David M.,  |d 1949- 
245 1 0 |a Free speech in its forgotten years /  |c David M. Rabban. 
264 1 |a Cambridge ;  |a New York :  |b Cambridge University Press,  |c 1997. 
300 |a xi, 404 pages :  |b illustrations ;  |c 24 cm. 
336 |a text  |b txt  |2 rdacontent 
337 |a unmediated  |b n  |2 rdamedia 
338 |a volume  |b nc  |2 rdacarrier 
490 1 |a Cambridge historical studies in American law and society 
504 |a Includes bibliographical references and index. 
650 0 |a Freedom of speech  |z United States  |x History. 
830 0 |a Cambridge historical studies in American law and society. 
948 |a c:cer  |d 20021105 
999 |a MARS 
999 f f |s 2f911c38-3456-37a2-b76b-6cfba379445c  |i 72100ad6-836a-313b-a5c2-7d0840bd7533  |t 0 
952 f f |p normal  |a Texas A&M University  |b College Station  |c Sterling C. Evans Library  |s Evans stk  |d Evans: Library Stacks  |t 0  |e KF4772 .R33 1997  |h Library of Congress classification  |i unmediated -- volume  |m A14822218951